000 01646nam0a2200301 4500
001 RU\NLR\bibl\440918
005 20260409064010.0
010 _a5-86894-818-1
_910000
035 _a(NLR Aleph) 000434672
090 _a776202
_c776202
100 _a20031001d2003 |||y0rusy50 ca
101 0 _arus
102 _aRU
105 _ay |||||||||
200 1 _aУголовно-процессуальный кодекс Российской Федерации
_eСобр. законодательства Рос. Федерации, 2001., № 52, ст. 4921
_e[Принят Гос. Думой 22 нояб. 2001 г.
_eОдобрен Советом Федерации 5 дек. 2001 г.
_eПо состоянию на 10 авг. 2003 г. с доп. и изм.
205 _a2-е изд.]
210 _aМ.
_cОсь-89
_d2003
215 _a575, [1] с.
_d20
604 _171001$aРоссийская Федерация
_1500##$3RU\NLR\AUTH\661293027$aУголовно-процессуальный кодекс$2nlr_sh2
_aРоссийская Федерация
_tУголовно-процессуальный кодекс
_92146253
_3RU\NLR\AUTH\661293027
606 0 _aУголовно-процессуальный кодекс
_yРоссийская Федерация
_92078726
_3RU\NLR\AUTH\661254590
686 1 _aХ629.3-324.9(2Р)
740 1 _aРоссийская Федерация
_tЗаконы
_iУголовно-процессуальный кодекс
_3RU\NLR\AUTH\880379492
_9425373
801 0 _aRU
_bNLR
_c20031001
_gPSBO
801 1 _aRU
_bNLR
_c20031001
942 _cBOOK
980 _aNB